[Event "33rd ECCC Open 2017"]
[Site "Antalya"]
[Date "2017.10.12"]
[Round "4"]
[White "Lagarde, Maxime"]
[Black "Eljanov, Pavel"]
[Result "1-0"]
[WhiteElo "2594"]
[BlackElo "2720"]
[Annotator "TA"]
[PlyCount "113"]
[EventType "team-tourn"]
[EventCountry "TUR"]
[SourceTitle "playchess.com"]
[Source "ChessBase"]
[SourceQuality "1"]
[WhiteTeam "Nice Alekhine"]
[BlackTeam "Alkaloid"]

{[%evp 17,113,-4,0,0,4,-6,7,10,0,0,12,17,16,12,18,20,14,18,13,12,20,0,5,-23,0,-35,-12,-46,-45,-63,-15,-42,0,-29,16,40,104,101,104,104,117,0,8,13,10,0,0,0,0,-17,0,0,0,0,0,0,0,-165,-179,-141,-160,-302,0,0,0,0,0,0,0,-8,0,-8,0,0,0,0,0,0,0,0,0,0,0,0,0,0,388,245,4922,4921,4914,0,4914,4610,29989,29990,29990,29991]} 1. e4 e5 2. Nf3 Nc6 3. Bb5 a6 4. Ba4 Nf6 5. O-O Be7 6. d3 d6 7. c4 O-O 8. Nc3 Bg4 9. h3 Bh5 10. Be3 {C77: Spanische Partie (Anderssen-Variante)} Rb8 (10... Nd4 11. Bxd4 exd4 12. Nd5 c6 13. Nxf6+ Bxf6 14. g4 Bg6 15. Nd2 Be7 16. f4 f6 17. Nf3 Bf7 {½-½ (17) Carlsson,P (2439)-Barkhagen,J (2434) Sweden 2016}) 11. Rc1 Nd4 $146 ({Vorgänger:} 11... Bxf3 12. Qxf3 Nd4 13. Bxd4 exd4 14. Ne2 c5 15. Ng3 {0-1 (43) Makropoulou,M (2256)-Stetsko,L (2130) Istanbul 2012}) 12. Bxd4 {Die Stellung ist ausgeglichen.} exd4 13. Nd5 c6 14. Nxf6+ Bxf6 15. g4 Bg6 16. Nd2 Be7 17. f4 f6 18. Nf3 Bf7 19. Qe2 ({Doch nicht} 19. Nxd4 Qb6 $15) 19... c5 20. Rf2 Kh8 21. Rcf1 Qc7 22. Ne1 {[%cal Bf3e1,Be1g2,Bg2f4,Bf4d5][%mdl 32]} b5 23. Bb3 Rbe8 24. Qc2 Bd8 25. Ng2 Qb7 26. f5 d5 (26... bxc4 $14 27. Bxc4 d5 28. Bxd5 Bxd5 29. exd5 Qxd5) 27. cxd5 $16 Bb6 28. Nf4 Qc7 29. d6 (29. Qd1 $16) 29... Qxd6 $11 {Droht ...c4! und aus.} 30. Bxf7 Rxf7 31. b3 Rc7 $1 32. Nd5 Rcc8 33. Qd1 Ba7 34. g5 c4 $1 35. bxc4 bxc4 36. Rg2 cxd3 $1 37. Qg4 $2 ({Aber nicht} 37. Qxd3 $2 Rc3 $1 $19 {[%mdl 512]}) (37. Qh5 $1 $11 {und Weiss muss sich keine Sorgen machen.} Bb8 38. gxf6 gxf6 39. Nf4 Qxf4 40. Rxf4 Bxf4 41. Qf7 Rc1+ 42. Kf2 Be3+ 43. Kf3 Rf1+ 44. Kg3 Rg8+ 45. Kh4 Rf4+ 46. Kh5 Rxg2 47. Qxf6+ Rg7 48. Qf8+ Rg8 49. Qf6+ Rg7 50. Qf8+ Rg8 51. Qf6+ Rg7) 37... Rc2 $19 38. Nf4 Rxg2+ 39. Kxg2 (39. Qxg2 $17 d2 40. Ne6 d3+ 41. Kh1) 39... fxg5 $2 (39... Bb8 $19 40. Qh5 Qc6 41. gxf6 gxf6 42. Nxd3 Rxe4) 40. Nxd3 $11 Bb8 {Droht stark ...Txe4!} 41. e5 $1 {[%cal Re5d6]} Qd5+ 42. Qf3 Qxa2+ 43. Rf2 Qf7 44. Qc6 Rg8 ({Minderwertig wäre} 44... Bxe5 45. Re2 $16) 45. e6 Qf6 46. Qd7 {[#]} g4 $1 {zielt auf ...Dh4 ab.} 47. e7 (47. hxg4 Qh4) 47... gxh3+ 48. Kh1 Qf7 {Und weiter mit ...De8 wäre nett.} 49. Rc2 Qh5 {( -> ...Dd1+)} (49... Qe8 $5 50. Qe6 $8 h6 $11) 50. Ne1 {jetzt Tc8 und aus.} Qe8 51. Qe6 $1 Bg3 $2 {[%mdl 8192]} (51... Qb5 $11 {und Schwarz steht sicher.} 52. Re2 Re8) 52. f6 $1 $40 {[%cal Rf6f7][%mdl 128] Weiss geht auf den König.} Qa8+ $2 {[#]} (52... gxf6 53. Qxf6+ Rg7) 53. Rc6 $1 {Droht Matt per f7.} gxf6 54. Qxf6+ Rg7 {[#]} 55. Nf3 $1 {[%cal Rf3g5] Beabsichtigt Sg5 und Matt.} Bf4 56. Qf8+ Rg8 57. Qxf4 {Precision: Weiß = 56%, Schwarz = 43%.} 1-0

[Event "33rd ECCC Open 2017"]
[Site "Antalya"]
[Date "2017.10.11"]
[Round "4"]
[White "Vajda, Levente"]
[Black "Kantane, Anna"]
[Result "1/2-1/2"]
[WhiteElo "2588"]
[BlackElo "2276"]
[Annotator "TA"]
[PlyCount "112"]
[EventType "team-tourn"]
[EventCountry "TUR"]
[SourceTitle "playchess.com"]
[Source "ChessBase"]
[SourceQuality "1"]
[WhiteTeam "Baia Mare"]
[BlackTeam "Riga"]

{[%evp 29,112,-22,-18,-52,-44,-54,-42,-52,-60,-67,-70,-95,-96,-134,-122,-147,-128,-105,-62,-109,-120,-121,-101,-140,-128,-137,-118,-111,-120,-122,-104,-134,-128,-140,-131,-129,-131,-130,-134,-129,-133,-127,-108,-116,-114,-120,-121,-107,-70,-84,-58,-61,-58,-58,-58,-59,-59,-59,-60,-63,-58,-61,-57,-61,-57,-57,-57,-57,-57,-68,-21,-72,-47,-47,0,-47,-47,-55,0,0,0,-47,0,0,0]} 1. Nf3 Nf6 2. g3 g6 3. Bg2 Bg7 4. c4 O-O 5. d4 d5 6. cxd5 Nxd5 7. O-O Nb6 8. Nc3 Nc6 9. e3 e5 10. d5 Ne7 {[%cal Bc6e7,Be7c8,Bc8d6][%mdl 32]} 11. e4 Bg4 12. Qb3 c6 13. Nh4 cxd5 {D76: Fianchetto Grünfeld: Main Line with 7...Nb6} 14. exd5 Nec8 15. h3 Bd7 {LiveBook: 3 Games} 16. Ne4 Ba4 17. Qa3 Bc2 $146 ({Predecessor:} 17... Bb5 18. Rd1 Nc4 19. Qb4 N4d6 20. Bg5 f6 21. Be3 {1-0 (49) Ehlvest,J (2605)-Fernandez Aguado,J (2285) Logrono 1991}) 18. Nc5 $1 {[%cal Rc5b7]} Nd6 {White must now prevent ...Rc8.} 19. Qc3 Ba4 20. Nxa4 Nxa4 21. Qc2 Qd7 22. Nf3 {[%cal Bh4f3,Bf3e1,Be1c2,Bc2e3][%mdl 32]} Rfc8 23. Qe2 Qf5 24. Ne1 e4 25. Nc2 Qxd5 26. Ne3 Qe6 27. Rd1 Rc6 28. Nd5 Re8 29. Rb1 Nf5 30. Qb5 Nc5 {[#] Hoping for ...Nd4.} 31. Be3 Nxe3 32. Nxe3 Qxa2 33. Ra1 Qxb2 34. Qxb2 Bxb2 35. Rxa7 b5 36. Bf1 Rb8 37. Rb1 Bd4 {...Bxe3 is the strong threat.} 38. Rxb5 Rxb5 39. Bxb5 Rb6 (39... Rf6 {looks sharper.} 40. Kg2 Kg7 41. Rc7 Ne6 42. Rb7 Bxe3 43. fxe3 Rf3) 40. Bc4 Rb7 41. Rxb7 Nxb7 $15 {[%mdl 4096] Endgame KBN-KBN} 42. Bd5 Nc5 43. Nc2 Be5 44. Kg2 Kg7 45. f3 exf3+ 46. Kxf3 f5 47. g4 Kf6 48. gxf5 gxf5 49. Ne3 h6 50. h4 (50. Bg8 $11 {remains equal.}) 50... Nd7 51. Bb3 Bb8 (51... Bd4 $5 {[%cal Rd7e5]} 52. Nd5+ Ke5 $15) 52. Nd5+ Ke5 53. Nf4 Kf6 54. Nd5+ Ke5 55. Nf4 Kf6 56. Nd5+ Ke5 {Precision: White = 63%, Black = 60%.} 1/2-1/2

[Event "33rd ECCC Open 2017"]
[Site "Antalya"]
[Date "2017.10.11"]
[Round "4"]
[White "Tari, Aryan"]
[Black "Budima, Armend"]
[Result "1-0"]
[WhiteElo "2578"]
[BlackElo "2226"]
[Annotator "TA"]
[PlyCount "55"]
[EventType "team-tourn"]
[EventCountry "TUR"]
[SourceTitle "playchess.com"]
[Source "ChessBase"]
[SourceQuality "1"]
[WhiteTeam "Valerenga"]
[BlackTeam "Dardania"]

{[%evp 24,55,0,0,0,0,0,-16,0,-27,0,0,17,0,22,18,46,53,75,10,78,21,64,61,82,124,119,61,106,111,225,209,332,337]} 1. c4 Nf6 2. Nc3 g6 3. g3 Bg7 4. Bg2 c5 5. Nf3 O-O 6. O-O d5 7. cxd5 Nxd5 8. Qb3 Nb6 9. d3 Nc6 10. Qb5 Nd7 {A34: Symmetrical English: 2 Nc3, lines with ...d5} 11. Be3 (11. Bd2 a6 12. Qa4 Nb6 13. Qh4 e5 14. Qxd8 Rxd8 15. Ne4 c4 16. Bg5 {½-½ (31) Bu,X (2723)-Lu,S (2611) Wuxi 2016}) 11... Nd4 12. Bxd4 cxd4 13. Ne4 {LiveBook: 3 Games} a6 {[#]} 14. Qb4 $146 ({Predecessor:} 14. Qb3 b5 15. Nfg5 Rb8 16. Rac1 h6 17. Nh3 Bb7 18. Nf4 e6 19. Nc5 Nxc5 20. Rxc5 Qb6 21. Rfc1 Rfc8 {½-½ (21) Chatalbashev,B (2560)-Parligras,M (2565) Albena 2013}) 14... Nb6 15. Nc5 Rb8 16. Nd2 h5 (16... Nd5 $5 {[%cal Rd5b4]} 17. Qb3 Nc7 $11) 17. Rfc1 h4 18. a4 hxg3 19. hxg3 Bh6 20. Rc2 $36 {[%mdl 2048] White is pushing.} e5 {[#]} 21. Qb3 (21. a5 $1 $16 {[%cal Ra5b6]} Nd5 22. Qb3) 21... a5 (21... Bxd2 $11 {keeps the balance.} 22. Rxd2 Nd7) 22. Rac1 ({Better is} 22. Qb5 $16) 22... Re8 23. Qb5 $1 Bxd2 24. Rxd2 Nd7 25. Nb3 (25. Ne4 $16) 25... b6 26. Rdc2 Nf6 {[#]} (26... Kg7 $16 27. Rc4 Kg8) 27. Nxa5 $1 $18 {[%mdl 512]} Qd6 (27... Ba6 $142 28. Qxa6 bxa5) (27... bxa5 28. Qxb8) 28. Rc6 {Precision: White = 48%, Black =  2%.} 1-0

[Event "33rd ECCC Open 2017"]
[Site "Antalya"]
[Date "2017.10.11"]
[Round "4"]
[White "Steingrimsson, Hedinn"]
[Black "Wells, Peter K"]
[Result "1/2-1/2"]
[WhiteElo "2576"]
[BlackElo "2447"]
[Annotator "TA"]
[PlyCount "109"]
[EventType "team-tourn"]
[EventCountry "TUR"]
[SourceTitle "playchess.com"]
[Source "ChessBase"]
[SourceQuality "1"]
[WhiteTeam "Fjolnir"]
[BlackTeam "White Rose"]

{[%evp 23,109,29,51,43,37,37,53,14,39,28,47,47,37,19,24,25,28,18,28,24,31,26,56,55,63,65,54,62,72,56,99,66,81,44,51,44,72,70,81,74,72,68,80,55,50,57,62,22,65,63,90,89,180,167,147,132,196,204,257,241,217,164,137,20,3,9,26,0,0,0,25,8,11,0,0,0,0,0,0,0,4,7,4,0,0,0,6,0]} 1. d4 Nf6 2. c4 e6 3. Nc3 Bb4 4. Qc2 O-O 5. a3 Bxc3+ 6. Qxc3 Ne4 7. Qc2 f5 8. Nh3 d6 9. f3 Nf6 10. e3 e5 11. dxe5 dxe5 12. Be2 c5 {LiveBook: 12 Games. E32: Nimzo-Indian: Classical (4 Qc2): 4...0-0} (12... a5 13. Nf2 Nc6 14. O-O Qe7 15. Bd3 Ne8 16. c5 Be6 17. Bd2 a4 18. Bb5 Bb3 19. Bc4+ Bxc4 20. Qxc4+ {0-1 (50) Charochkina,D (2370)-Kunin,V (2551) Minsk 2017}) 13. b4 f4 14. Nf2 ({Much worse is} 14. exf4 Bxh3 15. gxh3 exf4 $15) 14... Nc6 {White is slightly better.} 15. Qb2 $146 (15. O-O {with more complications.} cxb4 16. axb4 Nxb4 17. Qb2 fxe3 18. Bxe3 Qe7 19. Bxa7 Bf5 20. Ra4) ({Predecessor:} 15. O-O cxb4 16. exf4 Nd4 17. Qb2 bxa3 18. Rxa3 exf4 19. Bxf4 {½-½ (47) Przezdziecka,E (2183)-Krupa,M (2230) Poronin 2017}) 15... Qe7 16. O-O cxb4 17. exf4 exf4 18. axb4 Qxb4 19. Qa2 Re8 20. Bxf4 Bf5 21. Rfd1 Rad8 22. Bf1 Kh8 23. Bd2 Qc5 24. Qb2 Qe7 25. Bc3 Rxd1 26. Rxd1 b6 27. Kh1 h6 28. Nd3 Bxd3 29. Bxd3 Rd8 30. Re1 Qf7 31. Bb1 Re8 32. Rc1 Nd8 33. Qb5 Nb7 34. h3 Nc5 35. Bd4 Nh5 {[#] Threatens to win with ...Ng3+.} 36. Rd1 Nf4 37. Qc6 {And now Qxh6+ would win.} Re6 (37... Kg8 $16) 38. Qc8+ $18 Re8 39. Qg4 Nce6 (39... Rf8 $16 40. Bb2 Kg8) 40. Be5 h5 41. Qh4 Kg8 42. Be4 Ng6 {[#]} 43. Qxh5 ({Only move:} 43. Bxg6 $1 $16 Qxg6 44. Rd7) 43... Nxe5 $11 44. Qxe5 Nc5 $1 45. Qd4 {Strongly threatening Bd5.} Nxe4 46. fxe4 {[%mdl 4096] Endgame KQR-KQR} Qe6 47. Re1 Qe5 {The position is equal.} 48. Qd7 Re7 49. Qc8+ Kh7 50. Qc6 Qf4 51. Qd5 Qe5 52. Kg1 a5 53. Kf2 {Black should prevent Qxe5.} Qf4+ 54. Kg1 Qe5 55. Kf2 {Precision: White = 57%, Black = 51%.} 1/2-1/2

[Event "33rd ECCC Open 2017"]
[Site "Antalya"]
[Date "2017.10.12"]
[Round "4"]
[White "Postny, Evgeny"]
[Black "Matlakov, Maxim"]
[Result "1/2-1/2"]
[WhiteElo "2569"]
[BlackElo "2730"]
[Annotator "TA"]
[PlyCount "66"]
[EventType "team-tourn"]
[EventCountry "TUR"]
[SourceTitle "playchess.com"]
[Source "ChessBase"]
[SourceQuality "1"]
[WhiteTeam "Beer Sheva"]
[BlackTeam "Mednyi Vsadnik"]

{[%evp 18,66,16,21,16,11,11,9,40,39,35,35,31,31,23,26,33,14,16,21,9,0,0,0,0,0,0,0,0,0,0,0,7,0,0,0,0,0,0,0,0,0,0,0,0,0,0,0,0,0,0]} 1. d4 Nf6 2. c4 e6 3. g3 Bb4+ 4. Nd2 c5 5. a3 Bxd2+ 6. Qxd2 cxd4 7. Nf3 b6 8. Bg2 {E00: Catalan Bogo-Indian (3 g3 Bb4+)} (8. b4 Bb7 9. Qxd4 Nc6 10. Qf4 d6 11. Bb2 e5 12. Qd2 a5 13. b5 Ne7 14. Bg2 Qc7 15. O-O O-O {½-½ (121) Bluebaum,M (2642)-Andreikin,D (2712) Dortmund 2017}) 8... Bb7 9. Qxd4 Nc6 10. Qf4 {LiveBook: 5 Games} O-O 11. O-O d5 12. b4 Ne7 $146 ({Predecessor:} 12... dxc4 13. Bb2 c3 14. Bxc3 Nd5 15. Qd2 Nxc3 16. Qxc3 Rc8 17. Rfd1 Qe7 18. Rac1 {1-0 (82) Hanley,C (2441)-Horton,A (2324) Llandudno 2017}) 13. Bb2 Ng6 14. Qd4 dxc4 15. Qxc4 Rc8 16. Qb3 Bd5 17. Qa4 Qe7 {The position is equal.} 18. Rfc1 Qb7 19. Bxf6 gxf6 20. Ne1 Bxg2 21. Nxg2 Rfd8 22. Rxc8 Rxc8 23. Ne3 b5 24. Qd1 Qc6 25. a4 Ne5 26. axb5 Qxb5 27. Rxa7 Qxb4 28. Ra4 Qb2 29. Kg2 Kg7 30. Ra1 Nc4 31. Nxc4 Rxc4 32. Rb1 Qe5 33. Rb3 Qe4+ {Precision: White = 82%, Black = 84%.} 1/2-1/2

[Event "33rd ECCC Open 2017"]
[Site "Antalya"]
[Date "2017.10.11"]
[Round "4"]
[White "Brunello, Sabino"]
[Black "Ozturk, Kubra"]
[Result "1/2-1/2"]
[WhiteElo "2555"]
[BlackElo "2364"]
[Annotator "TA"]
[PlyCount "62"]
[EventType "team-tourn"]
[EventCountry "TUR"]
[SourceTitle "playchess.com"]
[Source "ChessBase"]
[SourceQuality "1"]
[WhiteTeam "Padova"]
[BlackTeam "Besiktas"]

{[%evp 16,62,10,10,10,16,12,-13,0,-13,7,0,10,-62,-52,-73,-69,-67,-58,-87,-55,-44,-3,-45,-17,-53,-52,-52,-48,-47,-44,-45,-57,-41,-50,-47,-47,-51,0,0,0,0,0,0,0,0,0,0,0]} 1. c4 e5 2. g3 Nf6 3. Bg2 c6 4. Nf3 e4 5. Nd4 Qb6 6. Nc2 {A20: Englische Eröffnung} (6. e3 d5 7. Nc3 Bg4 8. f3 exf3 9. Bxf3 Bxf3 10. Qxf3 dxc4 11. b3 cxb3 12. O-O Nbd7 13. axb3 {0-1 (34) Aronian,L (2799)-Caruana,F (2807) Saint Louis 2017}) 6... d5 7. cxd5 cxd5 8. d3 Nc6 {[%cal Bb8c6,Bc6e5,Be5d3][%mdl 32]} 9. O-O {LiveBook: 5 Partien} Be7 10. Nc3 {[%cal Rd3e4]} O-O 11. Rb1 $146 ({Vorgänger:} 11. Bg5 Rd8 12. dxe4 dxe4 13. Qc1 {1-0 (55) Howell,D (2644)-Pert,N (2568) London 2016}) 11... Rd8 12. b4 exd3 ({Ein No Go ist} 12... Nxb4 $6 13. Nxb4 Bxb4 14. a3 $16) ({Bitte nicht} 12... Bxb4 $6 13. Nxb4 Nxb4 14. a3 $16) 13. Qxd3 Ne5 14. Qd1 ({Lieber} 14. Qe3 $11 Qc7 15. Nd4) 14... Bf5 $15 {Und weiter mit ...d4 wäre nett.} 15. Rb3 d4 $36 {[%mdl 2048] Schwarz hat Initiative.} 16. Na4 Qb5 17. Nb2 d3 18. exd3 $1 Nxd3 19. Na3 {[#]} Nxc1 $1 {[%mdl 512]} 20. Qxc1 Qd7 21. Nac4 Rac8 {Droht ...b5 und aus.} 22. Qf4 Be6 {...Dc7 ist eine echte Drohung.} 23. Rd3 Qb5 {[#] Weiss muss nun ...Txd3 beachten.} 24. Rxd8+ Rxd8 (24... Bxd8 $2 {geht unter.} 25. Nd6 $18) 25. a3 Nd5 26. Qf3 Nxb4 (26... Bf6 $15 27. Rd1 Qe8) 27. axb4 $11 {Die Stellung ist ausgeglichen.} Bxc4 28. Nxc4 Qxc4 29. Qxb7 Qxb4 30. Qxa7 Qc5 31. Qxc5 Bxc5 {Precision: Weiß = 52%, Schwarz = 63%.} 1/2-1/2

[Event "33rd ECCC Open 2017"]
[Site "Antalya"]
[Date "2017.10.11"]
[Round "4"]
[White "Mirzoev, Azer"]
[Black "Roobol, Martin"]
[Result "1-0"]
[WhiteElo "2555"]
[BlackElo "2289"]
[Annotator "TA"]
[PlyCount "89"]
[EventType "team-tourn"]
[EventCountry "TUR"]
[SourceTitle "playchess.com"]
[Source "ChessBase"]
[SourceQuality "1"]
[WhiteTeam "Odlar Yurdu"]
[BlackTeam "Leiden"]

{[%evp 13,89,56,62,14,24,17,50,45,70,33,61,61,60,48,74,56,78,42,58,50,86,63,95,63,109,55,122,125,102,93,90,36,106,119,140,135,127,138,184,164,182,160,229,223,248,246,268,261,253,204,305,255,259,257,324,322,326,354,344,298,575,558,546,541,556,548,562,556,555,547,1107,1100,1135,1135,1198,1183,1387,1291]} 1. d4 f5 2. g3 Nf6 3. Bg2 g6 4. Nh3 d6 5. c3 (5. Nc3 Bg7 6. Nf4 e5 7. dxe5 dxe5 8. Qxd8+ Kxd8 9. Nd3 Re8 10. e4 c6 11. Bg5 Kc7 12. O-O-O Nxe4 13. Nxe4 fxe4 14. Nc5 {1-0 (56) Sandipan,C (2574)-Berelowitsch,A (2521) Germany 2016}) 5... c6 6. Nd2 {A81: Dutch Defence: 2 g3} Bg7 7. Qb3 Qb6 {LiveBook: 13 Games} 8. Ng5 {White is slightly better.} Qxb3 9. axb3 Kd7 $146 ({Predecessor:} 9... Na6 10. Rxa6 {1-0 (10) Donka,P (2270)-Boricsev,O (2340) Eger 1995}) 10. e4 fxe4 11. Ngxe4 (11. Ndxe4 {seems wilder.} Kc7 12. O-O Bf5 13. Re1 Nbd7 14. Nd2) 11... Nxe4 12. Nxe4 Kc7 13. O-O Nd7 14. Re1 Re8 15. h4 h6 16. Bf4 {Threatens to win with Nxd6!} Kd8 17. Re2 Nf8 18. b4 Bg4 19. Ree1 (19. Rd2 $16) 19... Bd7 (19... Ne6 $14) 20. Nd2 $36 {[%mdl 2048] Keeping Black busy.} Ne6 21. Be3 Nc7 22. Nb3 (22. Nc4 $16) 22... Nd5 (22... a6 $1 $14) 23. Bd2 Nb6 24. Na5 Kc7 {[#]} 25. b5 $1 {[%mdl 512]} cxb5 26. Bxb7 Rab8 27. Be4 Bf5 (27... g5 $16) 28. Nc6 $18 {aiming for Bxf5.} Bxe4 29. Nxb8 Bf5 30. Na6+ ({Resist} 30. Rxa7+ $6 Kxb8 31. Rexe7 (31. Raxe7 Rxe7 32. Rxe7 Nc4 $18) 31... Rxe7 $18) 30... Kb7 31. b3 {[%cal Bb2b3,Bb3c4,Bc4c5][%mdl 32]} Bc2 (31... Nd5 $142 32. Ra2 Bd3) 32. Ra3 Nd5 33. Rc1 Bf5 34. c4 bxc4 35. bxc4 Nb6 36. c5 Nd5 $2 (36... dxc5 {was necessary.} 37. Nxc5+ Ka8) 37. Rb3+ {White is clearly winning.} Kc6 38. Nb8+ Rxb8 39. Rxb8 Bxd4 40. cxd6+ Kxd6 41. Rd8+ Ke5 42. Re1+ Be4 43. Bxh6 Bb6 44. Bg7+ Kf5 {[#]} 45. Rxd5+ $1 {Precision: White = 63%, Black = 24%.} 1-0

[Event "33rd ECCC Open 2017"]
[Site "Antalya"]
[Date "2017.10.11"]
[Round "4"]
[White "Huzman, Alexander"]
[Black "Rodshtein, Maxim"]
[Result "1/2-1/2"]
[WhiteElo "2549"]
[BlackElo "2699"]
[Annotator "TA"]
[PlyCount "48"]
[EventType "team-tourn"]
[EventCountry "TUR"]
[SourceTitle "playchess.com"]
[Source "ChessBase"]
[SourceQuality "1"]
[WhiteTeam "Beer Sheva"]
[BlackTeam "Mednyi Vsadnik"]

{[%evp 11,48,2,45,13,29,13,12,11,12,16,18,14,40,29,29,37,37,25,47,31,38,16,25,20,45,34,42,23,17,0,0,0,0,0,0,0,0,0,0]} 1. c4 c6 2. d4 d5 3. Nd2 Nf6 4. Ngf3 Bf5 5. Nh4 Be6 6. e3 {D11: Slav Defence: 3 Nf3 sidelines and 3...Nf6 4 e3 Bg4} Nbd7 {LiveBook: 4 Games} 7. Be2 dxc4 8. Nxc4 {White has an edge.} Bd5 9. O-O e6 10. Nf3 Be7 $146 ({Predecessor:} 10... Qc7 11. b3 Ng4 12. g3 h5 {1-0 (29) Mozharov,M (2559)-Mota,P (1967) Chennai 2016}) 11. a3 c5 12. dxc5 Nxc5 13. b4 Nce4 14. Bb2 O-O 15. Nfe5 Nd6 16. Nxd6 Bxd6 17. Qd4 a5 18. b5 Rc8 19. Rac1 Qe7 20. a4 {The position is equal.} Bc5 21. Qf4 Ba3 22. Qd4 Bc5 23. Qf4 Ba3 24. Qd4 Bc5 {Precision: White = 57%, Black = 69%.} 1/2-1/2

[Event "33rd ECCC Open 2017"]
[Site "Antalya"]
[Date "2017.10.12"]
[Round "4"]
[White "Demuth, Adrien"]
[Black "Yu, Yangyi"]
[Result "0-1"]
[WhiteElo "2538"]
[BlackElo "2743"]
[Annotator "TA"]
[PlyCount "70"]
[EventType "team-tourn"]
[EventCountry "TUR"]
[SourceTitle "playchess.com"]
[Source "ChessBase"]
[SourceQuality "1"]
[WhiteTeam "Nice Alekhine"]
[BlackTeam "Alkaloid"]

{[%evp 15,70,1,0,-5,5,0,0,0,18,-1,0,0,0,0,0,0,0,0,-14,-106,-112,-106,-115,-121,-97,-189,-77,-62,-83,-67,-62,-62,-62,-62,-62,-62,-62,-105,-99,-109,-126,-166,-164,-246,-246,-295,-294,-354,-367,-498,-488,-501,-395,-1193,-1185,-1054,-557]} 1. Nf3 d5 2. c4 d4 3. b4 c5 4. e3 dxe3 5. fxe3 cxb4 6. d4 Nf6 {A09: Réti Opening: 1 Nf3 d5 2 c4} 7. Bd3 g6 8. O-O Bg7 {LiveBook: 4 Games. The position is equal.} 9. a3 bxa3 10. Bxa3 O-O 11. Nc3 Nc6 12. h3 b6 13. Qe1 $146 ({Predecessor:} 13. Qe2 Bb7 14. Rac1 {1-0 (30) Mareco,S (2664)-Nakamura,H (2793) chess.com INT 2017}) 13... a5 14. d5 Ba6 15. dxc6 Qxd3 16. Ne5 $1 {[%cal Re5d3]} Qd8 {Strongly threatening ...Qc7.} 17. Rd1 {[#]} (17. Rxf6 $1 $11 {keeps the balance.} Bxf6 18. Nd7) 17... Qc7 $1 $17 {[%cal Rc7e5]} 18. Nd7 {Rxf6 is the strong threat.} Qxc6 19. Rxf6 exf6 20. Bxf8 Rxf8 (20... Bxf8 $19 {and Black stays clearly on top.} 21. Nd5 Kg7 22. N7xb6 Bb4 23. Nxb4 Qxb6 24. Nxa6 Rxa6) 21. Nd5 Re8 (21... Qxc4 22. Nxf8 Bxf8 23. Nxf6+ Kg7 24. Ne8+ Kg8 25. Rd8 $16) 22. N7xb6 Bxc4 23. Rc1 Bxd5 24. Rxc6 Bxc6 25. Qxa5 Rxe3 26. Qc5 Re6 27. Nd5 Bf8 28. Qd4 Kg7 29. Nc3 (29. Qc4 {was called for.}) 29... Re5 $19 {[#] aiming for ...Bc5.} 30. Qd3 h5 {[%cal Bh7h5,Bh5h4][%mdl 32]} 31. Qc4 Rc5 32. Qd3 h4 33. Ne4 Re5 34. Nxf6 $2 (34. Nd2) 34... Bc5+ 35. Kh2 Kxf6 {Precision: White = 46%, Black = 74%.} 0-1

[Event "33rd ECCC Open 2017"]
[Site "Antalya"]
[Date "2017.10.12"]
[Round "4"]
[White "Kantans, Toms"]
[Black "Nisipeanu, Liviu-Dieter"]
[Result "0-1"]
[WhiteElo "2524"]
[BlackElo "2672"]
[Annotator "TA"]
[PlyCount "117"]
[EventType "team-tourn"]
[EventCountry "TUR"]
[SourceTitle "playchess.com"]
[Source "ChessBase"]
[SourceQuality "1"]
[WhiteTeam "Riga"]
[BlackTeam "Baia Mare"]

{[%evp 23,117,-8,-13,-16,-11,-39,-29,-52,-50,-116,-54,-49,-55,-57,-45,-37,-43,-50,-40,-45,-33,-44,-44,-49,-14,-33,-39,-30,-30,-46,-28,-28,-28,-29,-34,-53,-57,-59,-61,-75,-82,-87,-79,-87,-60,-62,-59,-73,-68,-77,-72,-80,-80,-107,-107,-107,-8,-107,-103,-107,-107,-107,-64,-144,-150,-241,-244,-230,-246,-246,-219,-229,0,-210,-182,-160,-165,-279,-267,-441,-386,-397,-400,-531,-504,-870,-769,-767,-641,-387,0,-193,-221,-413,-413,-545]} 1. e4 c6 2. d4 d5 3. exd5 cxd5 4. c4 Nf6 5. Nc3 e6 6. Nf3 Bb4 7. cxd5 Nxd5 8. Bd2 Nc6 9. Bd3 O-O 10. O-O Be7 11. a3 Bf6 12. Ne4 {B14: Caro-Kann (Panow-Angriff)} Bxd4 {LiveBook: 3 Partien} 13. Nxd4 Nxd4 14. Rc1 $146 {Die Stellung ist ausgeglichen.} ({Vorgänger:} 14. Ng5 Nf6 15. Bc3 e5 16. Re1 h6 17. Rxe5 Nc6 18. Rc5 hxg5 19. Rxg5 Re8 {½-½ (85) Mohammad,M (2388)-Sumets,A (2569) Visakhapatnam 2011}) 14... e5 15. Re1 Bf5 16. Qh5 ({Günstiger ist} 16. Bg5 $15 Qb6 17. Bc4) 16... Bxe4 (16... Nf4 $17 17. Bxf4 exf4) 17. Bxe4 $15 {[%csl Ge4][%cal Rh5h7]} Nf6 18. Qh4 ({Aber nicht} 18. Qxe5 $2 Re8 $19) 18... Nxe4 19. Qxe4 Nb3 20. Rc2 Nxd2 21. Qe3 Re8 22. Rxd2 Qc7 23. Rd5 {[%cal Rd5e5]} e4 (23... Rad8 {is interesting.} 24. Rxd8 Qxd8 25. Qxa7 Qd2 26. Qe3 Qxb2 27. g3 g6) 24. f3 (24. g3 {looks sharper.} b6 25. Qd4 Qe7 26. Rd7 Qe6 27. Rc1) 24... Rad8 25. Rxd8 Qxd8 26. fxe4 {[%mdl 4096] Endspiel KDT-KDT} a6 27. h3 h6 {[%cal Bh7h6,Bh6h5][%mdl 32]} 28. Re2 Re6 29. Rd2 Qe7 (29... Qf6 {seems wilder.} 30. Qf3 Qg5 31. Rd1 Qc5+ 32. Kh1 Qe7) 30. Re2 Re5 31. g4 h5 32. Kg2 Qe6 33. Qf3 h4 34. Qd3 f6 35. Qd8+ Kh7 {Und weiter mit ...Db3 wäre nett.} 36. Qd4 Kg6 37. Qd3 a5 38. a4 Qc6 39. b3 Qc1 (39... Rc5 $17 40. Re3 Rc2+ 41. Kf1 Rh2) 40. Qe3 (40. Rf2 $1 $11 {hält das Gleichgewicht.}) 40... Qd1 $17 41. Re1 Qd6 42. Qf2 Qc6 43. Kf3 (43. Re3 $15) 43... f5 $1 {[%cal Re5e4]} 44. Qd4 (44. Kg2 $17 fxe4 45. Qe3) 44... fxg4+ $19 45. hxg4 Qf6+ $1 46. Ke3 Qg5+ 47. Kf3 Qf6+ 48. Ke3 $1 Re6 49. Qxf6+ Kxf6 {KT-KT} ({Schlechter ist} 49... gxf6 50. Kf4 $11) 50. Kd4 (50. Kf4 {kämpft weiter.}) 50... Re8 51. Rf1+ $2 (51. Ke3 {war einen Versuch wert.}) 51... Ke6 52. Kc5 Rc8+ 53. Kb6 {[#]} Rc3 $1 {[%cal Rc3b3]} 54. Kxb7 (54. b4 $142 axb4 55. Kxb7) 54... Rxb3+ 55. Ka6 Rb4 56. Kxa5 Rxe4 $2 (56... Rb3 $19 {zielt auf ...h3 ab.} 57. Ka6 h3) 57. g5 $2 (57. Kb5 $1 $11 {und Weiss ist OK.}) 57... Rg4 58. Ra1 $2 {[#]} (58. Rh1) 58... h3 $1 59. Re1+ {Precision: Weiß = 31%, Schwarz = 68%.} 0-1